[Event "France 2019 - Accession"]
[Site "Chartres"]
[Date "2019.08.24"]
[Round "8.17"]
[White "Coiffait, Pierre-Basile"]
[Black "Lux, Hugo De Melo"]
[Result "0-1"]
[WhiteElo "2231"]
[BlackElo "2401"]
[PlyCount "126"]
[EventDate "2019.08.??"]
[EventType "swiss"]
[EventRounds "9"]
[EventCountry "FRA"]
[WhiteTeam "L'Echiquier du Pays de Bray"]
[BlackTeam "Echecs 16"]

1. e4 c6 2. d4 d5 3. Nc3 dxe4 4. Nxe4 Bf5 5. Ng3 Bg6 6. Nh3 e6 7. Nf4 Qh4 8. c3
Nd7 9. Qf3 Ngf6 10. Nxg6 hxg6 11. Qf4 Qxf4 12. Bxf4 Nd5 13. Bd2 N7f6 14. Bd3
Bd6 15. Ne4 Bf4 16. Nxf6+ gxf6 17. g3 Bd6 18. a3 f5 19. O-O-O b5 20. Kb1 Kd7
21. Ka2 a5 22. b3 a4 23. b4 Nf6 24. f3 Rh7 25. Be1 Nd5 26. Kb2 Rah8 27. h4 f4
28. g4 Be7 29. Rd2 Bxh4 30. Rdh2 Bxe1 31. Rxh7 Bxc3+ 32. Kc2 Rxh7 33. Rxh7 Ke8
34. Rh8+ Ke7 35. Rc8 Kd7 36. Rf8 Ke7 37. Rc8 Kd7 38. Rf8 f5 39. Rf7+ Ke8 40.
Rg7 Bxd4 41. Rxg6 fxg4 42. fxg4 Kf7 43. Rh6 f3 44. Rh3 f2 45. Rf3+ Kg7 46. g5
e5 47. Kd2 Nc3 48. Bf1 Ne4+ 49. Ke2 Nxg5 50. Rg3 Kf6 51. Rxg5 Kxg5 52. Bg2 c5
53. bxc5 Bxc5 54. Bc6 b4 55. axb4 a3 56. Bd5 Bb6 57. Bc4 Kf4 58. Bd5 Kg3 59.
Kf1 e4 60. b5 Kh2 61. Bc4 e3 62. Bd5 e2+ 63. Kxe2 Kg1 0-1

[Event "France 2019 - Accession"]
[Site "Chartres"]
[Date "2019.08.24"]
[Round "8.18"]
[White "Kollar, Romain"]
[Black "Gertosio, Franck"]
[Result "1/2-1/2"]
[WhiteElo "2214"]
[BlackElo "2267"]
[PlyCount "84"]
[EventDate "2019.08.??"]
[EventType "swiss"]
[EventRounds "9"]
[EventCountry "FRA"]
[WhiteTeam "Club d'Echecs de la Bruffière"]
[BlackTeam "Ste Foy Echecs"]

1. e4 e6 2. d4 d5 3. e5 c5 4. c3 Qb6 5. Nf3 Nc6 6. Be2 Nh6 7. Bxh6 gxh6 8. Qd2
Bg7 9. O-O O-O 10. Na3 f6 11. exf6 Rxf6 12. dxc5 Qxc5 13. Rad1 Bd7 14. c4 Rd8
15. cxd5 Be8 16. d6 Bh5 17. Nc2 e5 18. b4 Qxd6 19. Qe3 Qc7 20. b5 Rxd1 21. Bxd1
Bxf3 22. Bxf3 Ne7 23. Nb4 Qc4 24. a3 Qxb5 25. Qxa7 Rb6 26. Nd5 Nxd5 27. Bxd5+
Kf8 28. a4 Qc5 29. Qb8+ Ke7 30. Qg8 Bf6 31. Qf7+ Kd8 32. Be6 Be7 33. Rd1+ Kc7
34. Rd7+ Kb8 35. g3 Qc1+ 36. Kg2 Qc6+ 37. f3 Qxe6 38. Qxe7 Rb2+ 39. Kh1 Rb1+
40. Kg2 Rb2+ 41. Kh1 Rb1+ 42. Kg2 Rb2+ 1/2-1/2

[Event "France 2019 - Accession"]
[Site "Chartres"]
[Date "2019.08.24"]
[Round "8.19"]
[White "Pottier, Simeon"]
[Black "Gao, Etienne"]
[Result "1-0"]
[WhiteElo "2162"]
[BlackElo "2256"]
[PlyCount "33"]
[EventDate "2019.08.??"]
[EventType "swiss"]
[EventRounds "9"]
[EventCountry "FRA"]
[WhiteTeam "LEC Echiquier Limousin"]
[BlackTeam "Echiquier Club Le Mans"]

1. d4 Nf6 2. c4 g6 3. Nc3 d5 4. Nf3 Bg7 5. h4 h5 6. Bg5 dxc4 7. e4 c5 8. d5 Qa5
9. Bxf6 Bxf6 10. e5 Bg7 11. Bxc4 O-O 12. O-O a6 13. e6 b5 14. d6 Bxe6 15. Bxe6
fxe6 16. dxe7 Re8 17. Qd6 1-0

[Event "France 2019 - Accession"]
[Site "Chartres"]
[Date "2019.08.24"]
[Round "8.20"]
[White "Pucher, Sebastien"]
[Black "Papadiamandis, Elliot"]
[Result "1/2-1/2"]
[WhiteElo "2316"]
[BlackElo "2216"]
[PlyCount "137"]
[EventDate "2019.08.??"]
[EventType "swiss"]
[EventRounds "9"]
[EventCountry "FRA"]
[WhiteTeam "Club d'Echecs Metz Fischer"]
[BlackTeam "C.E. de  Bois-Colombes"]

1. c4 e5 2. g3 Nf6 3. Bg2 d5 4. cxd5 Nxd5 5. Nf3 Nc6 6. O-O Be7 7. d4 exd4 8.
Nxd4 Nxd4 9. Qxd4 Nf6 10. Qa4+ c6 11. Rd1 Qb6 12. Be3 Qc7 13. Bf4 Qb6 14. Be3
Qc7 15. Na3 Be6 16. Nc4 Qc8 17. Nd6+ Bxd6 18. Rxd6 O-O 19. Bg5 Qc7 20. Rdd1 Qe5
21. Bxf6 Qxf6 22. Qb4 Rab8 23. Rd2 Qe5 24. Rad1 h6 25. Bf3 a5 26. Qb6 a4 27. a3
Bb3 28. Rc1 Qg5 29. e3 Rfd8 30. Rxd8+ Qxd8 31. Qa7 Qd6 32. Rc3 g6 33. h4 h5 34.
Kg2 Kh7 35. e4 Qd8 36. e5 Qc8 37. Rd3 Ra8 38. Qb6 Be6 39. Rd6 Ra6 40. Qb4 Qc7
41. Be4 Qa5 42. Qxb7 Qxe5 43. Bxg6+ Kxg6 44. Rxe6+ Qxe6 45. Qxa6 Qe4+ 46. Kh2
Qc2 47. Qb6 f6 48. Kg2 c5 49. Qd8 Qe4+ 50. Kh2 Qc2 51. Qe8+ Kg7 52. Qe7+ Kg6
53. Qe8+ Kg7 54. Qe3 Qxb2 55. Qxc5 Qe2 56. Kg2 Qe4+ 57. Kf1 Kg6 58. Qc3 Kg7 59.
Qd2 Kf7 60. Qc3 Kg7 61. f3 Qd5 62. Ke2 Qa2+ 63. Ke3 Qe6+ 64. Kf2 Qa2+ 65. Ke3
Qe6+ 66. Kf4 Qd6+ 67. Ke4 Qxg3 68. Qc5 Qxh4+ 69. Kd3 1/2-1/2

[Event "France 2019 - Accession"]
[Site "Chartres"]
[Date "2019.08.24"]
[Round "8.21"]
[White "Rabineau, Clement"]
[Black "Dutreuil, Raphael"]
[Result "0-1"]
[WhiteElo "2213"]
[BlackElo "2313"]
[PlyCount "108"]
[EventDate "2019.08.??"]
[EventType "swiss"]
[EventRounds "9"]
[EventCountry "FRA"]
[WhiteTeam "C.E. de Rueil Malmaison"]
[BlackTeam "U.S.Villejuif Echecs"]

1. e4 c5 2. c3 d5 3. exd5 Qxd5 4. d4 e6 5. Nf3 Nf6 6. Na3 a6 7. Nc4 Nbd7 8. Be2
Be7 9. O-O O-O 10. Nfe5 Nxe5 11. dxe5 Qxd1 12. Rxd1 Nd5 13. Bf3 Rb8 14. a4 Rd8
15. a5 Bd7 16. Bxd5 exd5 17. Rxd5 Be6 18. Rxd8+ Rxd8 19. Ne3 g5 20. Kf1 Kg7 21.
Ke2 Kg6 22. f3 Bb3 23. Bd2 c4 24. g3 Bc5 25. h4 h6 26. hxg5 hxg5 27. Ng4 Re8
28. f4 Kf5 29. Nh6+ Kg6 30. Ng4 Kf5 31. Nh6+ Kg6 32. Rh1 Bc2 33. Ng4 Bd3+ 34.
Ke1 Be7 35. Kf2 Bd8 36. Rh6+ Kg7 37. Rd6 Bxa5 38. Be3 Bf5 39. Nh6 Be6 40. f5
Kxh6 41. fxe6 Rxe6 42. Rxe6+ fxe6 43. g4 Bc7 44. Bd4 Kg6 45. Ke3 Kf7 46. Ke4
Ke8 47. Bc5 Kd7 48. Bf8 b5 49. Bc5 Bd8 50. Kd4 Kc6 51. Bf8 Bb6+ 52. Ke4 Bc5 53.
Bg7 Kd7 54. Bf6 Be7 0-1

[Event "France 2019 - Accession"]
[Site "Chartres"]
[Date "2019.08.24"]
[Round "8.22"]
[White "Le Corre, Benjamin"]
[Black "Duquesne, Adrien"]
[Result "1/2-1/2"]
[WhiteElo "2281"]
[BlackElo "2170"]
[PlyCount "166"]
[EventDate "2019.08.??"]
[EventType "swiss"]
[EventRounds "9"]
[EventCountry "FRA"]
[WhiteTeam "Ecole Française d'Echecs de Metz"]
[BlackTeam "Evry Grand Roque"]

1. e4 c6 2. d4 d5 3. exd5 cxd5 4. Bd3 Nc6 5. c3 Qc7 6. Ne2 Bg4 7. O-O e6 8. Qe1
Nf6 9. Bg5 Bh5 10. f3 Bg6 11. Nf4 Bd6 12. Qh4 O-O-O 13. Na3 a6 14. Rfd1 Ne7 15.
Rac1 Bxd3 16. Nxd3 Ng6 17. Qh3 Bf4 18. Bxf4 Nxf4 19. Nxf4 Qxf4 20. Qg3 Qxg3 21.
hxg3 Kb8 22. Kf2 Rc8 23. Nc2 Rc7 24. Nb4 Rhc8 25. a4 Ka7 26. a5 Ne8 27. Nd3 Nd6
28. Nc5 Nc4 29. b4 Nd6 30. Rh1 h6 31. g4 Nb5 32. Rh3 Rg8 33. f4 Nd6 34. Re1 b6
35. axb6+ Kxb6 36. Ke3 Ra7 37. Kd3 a5 38. bxa5+ Rxa5 39. f5 exf5 40. gxf5 Ra2
41. Re5 Kc6 42. g4 Rg2 43. Na6 Rxg4 44. Nb4+ Kd7 45. Rhe3 Re4 46. Rxd5 Rxe3+
47. Kxe3 Rc8 48. Kd3 Ke7 49. f6+ gxf6 50. Rh5 Rh8 51. Nd5+ Ke6 52. Nf4+ Kd7 53.
c4 Ra8 54. c5 Ra3+ 55. Kc2 Ne4 56. Rxh6 Rc3+ 57. Kb2 Rc4 58. Ne2 Ke7 59. Rh4
Nxc5 60. Rh3 Ne6 61. d5 Ng5 62. Rh5 Re4 63. Nc3 Rd4 64. Kb3 Ne4 65. Nxe4 Rxe4
66. Kc3 Rg4 67. Kd3 Rg6 68. Rh7 Kd6 69. Rxf7 Kxd5 70. Ke3 Ke5 71. Kf3 Rg8 72.
Ra7 Kf5 73. Ra5+ Kg6 74. Kf4 Rb8 75. Ra4 Rh8 76. Ra6 Rh4+ 77. Kg3 Rb4 78. Kf3
Kg5 79. Ra5+ f5 80. Ra3 Rh4 81. Kg2 Rb4 82. Rc3 f4 83. Kf3 Rb5 1/2-1/2

[Event "France 2019 - Accession"]
[Site "Chartres"]
[Date "2019.08.24"]
[Round "8.23"]
[White "Fruchard, Cyrille"]
[Black "Giacomini, Hector"]
[Result "1-0"]
[WhiteElo "2261"]
[BlackElo "2156"]
[PlyCount "137"]
[EventDate "2019.08.??"]
[EventType "swiss"]
[EventRounds "9"]
[EventCountry "FRA"]
[WhiteTeam "La Dame Noire"]
[BlackTeam "Echiquier Tourangeau"]

1. d4 d5 2. c4 e6 3. Nc3 Nf6 4. cxd5 exd5 5. Bg5 Be7 6. e3 O-O 7. Bd3 Nbd7 8.
Nge2 Re8 9. O-O Nf8 10. f3 c6 11. Qd2 Be6 12. Rad1 Rc8 13. Rfe1 Ng6 14. h3 Nh5
15. Bxe7 Qxe7 16. e4 Qh4 17. e5 Ngf4 18. Nxf4 Nxf4 19. Qf2 Qg5 20. Kh2 f6 21.
Bf1 Qh6 22. Qd2 g5 23. b4 b6 24. a4 Rc7 25. Ra1 Rce7 26. a5 b5 27. Re3 Bd7 28.
Rae1 Qg7 29. exf6 Qxf6 30. Rxe7 Rxe7 31. Rxe7 Qxe7 32. Ne2 Nxe2 33. Bxe2 Kg7
34. Bd3 h6 35. Bc2 Kf8 36. Kg1 Bc8 37. Kf2 Bd7 38. h4 Qf6 39. hxg5 hxg5 40. Qe3
Bf5 41. Bxf5 Qxf5 42. Qc3 Qd7 43. Qc1 Qg7 44. Qe3 Kf7 45. f4 gxf4 46. Qxf4+ Ke6
47. g4 a6 48. Qf5+ Kd6 49. Ke3 Qe7+ 50. Kf4 Qh4 51. Qe5+ Kd7 52. Kf5 Qf2+ 53.
Kg6 Qb2 54. Qg7+ Kc8 55. Qf8+ Kd7 56. Qf5+ Kd8 57. Qf6+ Kd7 58. Kf7 Qxb4 59. g5
Qe1 60. g6 b4 61. Qf5+ Kd8 62. Qe5 Qh1 63. g7 Qh7 64. Qd6+ Kc8 65. Qxc6+ Kb8
66. Qb6+ Kc8 67. Qxa6+ Kd7 68. Qe6+ Kc7 69. Kf8 1-0

[Event "France 2019 - Accession"]
[Site "Chartres"]
[Date "2019.08.24"]
[Round "8.24"]
[White "Albaric, Etienne"]
[Black "Pourquet, Matthieu"]
[Result "0-1"]
[WhiteElo "2250"]
[BlackElo "2209"]
[PlyCount "116"]
[EventDate "2019.08.??"]
[EventType "swiss"]
[EventRounds "9"]
[EventCountry "FRA"]
[WhiteTeam "Lutèce Echecs"]
[BlackTeam "Vandoeuvre-Echecs"]

1. e4 e6 2. d4 d5 3. Nd2 c5 4. Ngf3 cxd4 5. exd5 Qxd5 6. Bc4 Qd6 7. O-O Nf6 8.
Nb3 Nc6 9. Nbxd4 Nxd4 10. Nxd4 Be7 11. b3 O-O 12. Bb2 Qf4 13. Qe2 Bc5 14. Nf3
b6 15. Ne5 Bb7 16. Rad1 Qg5 17. Nf3 Qg4 18. h3 Qf5 19. Qe5 Qxe5 20. Nxe5 Rfd8
21. a3 a5 22. Nd3 Be7 23. a4 Ne4 24. Rfe1 Nd6 25. Ne5 Nxc4 26. Nxc4 Bc5 27. Be5
Bd5 28. Nb2 Rac8 29. c4 Bc6 30. Kf1 f6 31. Bc3 Kf7 32. f3 h5 33. Nd3 Bd4 34.
Bxd4 Rxd4 35. Nf2 Rcd8 36. Rxd4 Rxd4 37. Rd1 Rxd1+ 38. Nxd1 Ke7 39. Ke2 Kd6 40.
Kd3 Be8 41. Kd4 g5 42. Nf2 Bg6 43. g3 h4 44. g4 Bh7 45. Nd1 Bc2 46. Nc3 Bxb3
47. Ne4+ Ke7 48. c5 bxc5+ 49. Nxc5 Bd5 50. Ke3 Kd6 51. Nd3 Bc4 52. Nb2 Kc5 53.
f4 Bf1 54. fxg5 fxg5 55. Ke4 Kb4 56. Ke5 Bxh3 57. Kf6 Bxg4 58. Kxg5 Kb3 0-1

[Event "France 2019 - Accession"]
[Site "Chartres"]
[Date "2019.08.24"]
[Round "8.25"]
[White "Dalaud, Dorian"]
[Black "Decuigniere, Tom"]
[Result "1-0"]
[WhiteElo "2165"]
[BlackElo "2211"]
[PlyCount "103"]
[EventDate "2019.08.??"]
[EventType "swiss"]
[EventRounds "9"]
[EventCountry "FRA"]
[WhiteTeam "Cercle d'Echecs de Nantes"]
[BlackTeam "Ecole Française d'Echecs de Metz"]

1. e4 c5 2. Nc3 g6 3. h4 h5 4. d4 cxd4 5. Qxd4 Nf6 6. Bg5 Nc6 7. Qd2 Bg7 8.
O-O-O Qa5 9. Kb1 Rb8 10. f3 b5 11. Nd5 Nxd5 12. exd5 Qxd2 13. Bxd2 Ne5 14. Bc3
f6 15. Bxe5 fxe5 16. Bd3 Kf7 17. Nh3 Bh6 18. f4 exf4 19. Nxf4 Rb6 20. Rhf1 Kg7
21. Rde1 Re8 22. Re3 Rf6 23. Ref3 Bxf4 24. Rxf4 Bb7 25. g4 Rh8 26. g5 Rxf4 27.
Rxf4 Bxd5 28. Bxb5 Bf7 29. Ra4 Ra8 30. b3 d6 31. c4 Be6 32. Kc2 Kf8 33. Kd3
Bf5+ 34. Kd4 Bc2 35. Ra6 Bf5 36. b4 Bh3 37. Bc6 e5+ 38. Ke3 Rc8 39. Bd5 Bf1 40.
Rxa7 Bxc4 41. Bxc4 Rxc4 42. b5 Rb4 43. a4 d5 44. Rh7 Rb3+ 45. Kd2 e4 46. Rd7
Rd3+ 47. Kc2 Ke8 48. Rh7 Kd8 49. a5 Ra3 50. a6 d4 51. a7 Kc8 52. b6 1-0

[Event "France 2019 - Accession"]
[Site "Chartres"]
[Date "2019.08.24"]
[Round "8.26"]
[White "Fantin, Ludwig"]
[Black "Sanchez, Louis"]
[Result "0-1"]
[WhiteElo "2213"]
[BlackElo "2331"]
[PlyCount "56"]
[EventDate "2019.08.??"]
[EventType "swiss"]
[EventRounds "9"]
[EventCountry "FRA"]
[WhiteTeam "Clermont-Ferrand Echecs"]
[BlackTeam "Corsica Chess Club"]

1. d4 d5 2. Nf3 Nf6 3. e3 c5 4. b3 Nc6 5. Bd3 Bg4 6. Bb2 e6 7. O-O cxd4 8. exd4
Bxf3 9. Qxf3 Bd6 10. Nd2 O-O 11. a3 Qb6 12. c3 e5 13. dxe5 Nxe5 14. Qh3 Nxd3
15. Qxd3 Rad8 16. g3 Ng4 17. Rad1 Bc5 18. Qf5 Qe6 19. Qf3 f5 20. Kg2 f4 21.
Rde1 Qg6 22. Re2 Ne3+ 23. fxe3 fxe3 24. Rxe3 Rxf3 25. Rexf3 Re8 26. Kh1 Re2 27.
Bc1 Qh5 28. h4 Qg4 0-1

[Event "France 2019 - Accession"]
[Site "Chartres"]
[Date "2019.08.24"]
[Round "8.27"]
[White "Ek, Alexandre"]
[Black "Bacrot, Alexandre"]
[Result "0-1"]
[WhiteElo "2188"]
[BlackElo "2272"]
[PlyCount "98"]
[EventDate "2019.08.??"]
[EventType "swiss"]
[EventRounds "9"]
[EventCountry "FRA"]
[WhiteTeam "Cercle d'Echecs de Villepinte"]
[BlackTeam "La Tour Hyéroise"]

1. e4 e5 2. Nf3 Nc6 3. Bb5 a6 4. Ba4 Nge7 5. d4 exd4 6. Nxd4 b5 7. Nxc6 Nxc6 8.
Bb3 Bb7 9. c3 Qf6 10. O-O Bc5 11. Be3 Bxe3 12. fxe3 Qg5 13. Bxf7+ Ke7 14. Bd5
Raf8 15. Nd2 Qxe3+ 16. Kh1 h5 17. Rf3 Rxf3 18. Qxf3 Qxd2 19. Rd1 Ne5 20. Rxd2
Nxf3 21. gxf3 c6 22. Bb3 Rf8 23. Kg2 g5 24. h3 d6 25. a4 Bc8 26. axb5 axb5 27.
Rd1 b4 28. Ra1 bxc3 29. bxc3 Bxh3+ 30. Kxh3 Rxf3+ 31. Kg2 Rxc3 32. Ra7+ Kf6 33.
Bf7 h4 34. Bh5 g4 35. Bxg4 Rg3+ 36. Kf2 Rxg4 37. Kf3 Rg3+ 38. Kf4 Rd3 39. Rh7
h3 40. Rh6+ Kg7 41. Rh4 c5 42. Kf5 c4 43. e5 c3 44. Rg4+ Kf8 45. exd6 c2 46.
Rc4 h2 47. Rc8+ Kf7 48. Rc7+ Ke8 49. Ke6 Re3+ 0-1

[Event "France 2019 - Accession"]
[Site "Chartres"]
[Date "2019.08.24"]
[Round "8.29"]
[White "Bournel, Antoine"]
[Black "Ronce, Nathan"]
[Result "1-0"]
[WhiteElo "2259"]
[BlackElo "2204"]
[PlyCount "135"]
[EventDate "2019.08.??"]
[EventType "swiss"]
[EventRounds "9"]
[EventCountry "FRA"]
[WhiteTeam "L'Echiquier Châlonnais"]
[BlackTeam "Echiquier Montelais"]

1. e4 c5 2. Nf3 d6 3. Bb5+ Nd7 4. d4 cxd4 5. Qxd4 a6 6. Bxd7+ Bxd7 7. Nc3 Rc8
8. O-O e5 9. Qd3 h6 10. Rd1 Nf6 11. Nd2 Be6 12. Nf1 Be7 13. Ne3 O-O 14. Bd2 Qc7
15. a4 Rfd8 16. Be1 Bf8 17. b3 g6 18. Ra2 Qb8 19. a5 Rc6 20. Ncd5 Bxd5 21. Nxd5
Nxd5 22. exd5 Rc7 23. c4 Qc8 24. f3 f5 25. Bf2 Rg7 26. b4 Re8 27. Re2 g5 28.
Kh1 g4 29. Rc1 gxf3 30. gxf3 Qd7 31. c5 Qf7 32. Bg3 Qh5 33. Rg1 Kh8 34. c6 bxc6
35. dxc6 Rc8 36. Rc2 Rcc7 37. Bf2 Qh3 38. Qe2 d5 39. Rxg7 Bxg7 40. Bb6 Rc8 41.
Qg2 Qh5 42. c7 Qe8 43. Rc5 d4 44. Rd5 Bf6 45. Qh3 Qg6 46. Qf1 Kh7 47. Rd8 Rxc7
48. Bxc7 Bxd8 49. Bxd8 Qd6 50. Bb6 Qxb4 51. Qd3 Qe1+ 52. Kg2 Kg6 53. Qxa6 Qd2+
54. Kh3 Qd1 55. Bxd4+ Kh5 56. Bxe5 Qxf3+ 57. Bg3 f4 58. Qb5+ Kg6 59. Qb6+ Kh7
60. Qc7+ Kg6 61. Qd6+ Kh7 62. Qe7+ Kg6 63. Qe6+ Kg5 64. Qe5+ Kg6 65. Kh4 Kh7
66. Bxf4 Qf2+ 67. Bg3 Qa2 68. Qf5+ 1-0

[Event "France 2019 - Accession"]
[Site "Chartres"]
[Date "2019.08.24"]
[Round "8.30"]
[White "Girel, Joseph"]
[Black "Suez-Panama, Gilles"]
[Result "1-0"]
[WhiteElo "2157"]
[BlackElo "1930"]
[PlyCount "127"]
[EventDate "2019.08.??"]
[EventType "swiss"]
[EventRounds "9"]
[EventCountry "FRA"]
[WhiteTeam "Marseille-Echecs"]
[BlackTeam "Arsenal"]

1. Nf3 Nf6 2. c4 g6 3. b3 Bg7 4. Bb2 d6 5. d4 c6 6. e3 O-O 7. Be2 a6 8. O-O b5
9. Nbd2 Nh5 10. Ne1 Nf6 11. Nd3 Bb7 12. f4 Nbd7 13. e4 bxc4 14. bxc4 d5 15. e5
Ne4 16. Nxe4 dxe4 17. Nf2 c5 18. d5 f5 19. Rb1 Rb8 20. Bc3 Ba8 21. Qa4 Qc8 22.
Qa5 Re8 23. Rxb8 Nxb8 24. Nd1 e6 25. Ne3 exd5 26. cxd5 Rd8 27. Bc4 Kh8 28. Rb1
h6 29. d6 g5 30. Qc7 Rf8 31. Qxc8 Rxc8 32. Nxf5 gxf4 33. Nxg7 Kxg7 34. e6+ Kf8
35. Bf6 Bc6 36. d7 Nxd7 37. exd7 Bxd7 38. Rb7 Rc6 39. Be5 Be6 40. Bxe6 Rxe6 41.
Bxf4 e3 42. Kf1 e2+ 43. Ke1 Re5 44. Bxh6+ Ke8 45. Rb2 Kf7 46. Rxe2 Rh5 47. Rf2+
Ke6 48. Bf4 Kd5 49. Kd2 Kc4 50. g3 Rh7 51. h4 a5 52. Kc2 a4 53. Rf3 Re7 54. Re3
Rh7 55. Re4+ Kb5 56. Re5 Kb4 57. Be3 c4 58. Bd2+ Ka3 59. Re3+ Kxa2 60. Bc1 c3
61. Rxc3 Rc7 62. Rxc7 a3 63. Rc3 Ka1 64. Rxa3# 1-0

[Event "France 2019 - Accession"]
[Site "Chartres"]
[Date "2019.08.24"]
[Round "8.31"]
[White "Viel, Simon"]
[Black "Favarel, Camille"]
[Result "1-0"]
[WhiteElo "2252"]
[BlackElo "2207"]
[PlyCount "81"]
[EventDate "2019.08.??"]
[EventType "swiss"]
[EventRounds "9"]
[EventCountry "FRA"]
[WhiteTeam "Echecs Plus de Cherbourg-Octeville"]
[BlackTeam "L'Echiquier du Roy René"]

1. e4 d5 2. exd5 Qxd5 3. Nf3 Bg4 4. Be2 Nc6 5. d4 O-O-O 6. c4 Qf5 7. O-O Nxd4
8. Nxd4 Bxe2 9. Qxe2 Rxd4 10. Nc3 e6 11. Be3 Rd7 12. Bxa7 Nf6 13. Be3 Qd3 14.
Rfd1 Qxe2 15. Nxe2 Rxd1+ 16. Rxd1 Be7 17. f3 Rd8 18. Rxd8+ Kxd8 19. Bd4 g6 20.
Nc1 Ne8 21. Nd3 Bf6 22. Bxf6+ Nxf6 23. Kf2 Nd7 24. b4 Nb6 25. Nb2 Nc8 26. a4
Kd7 27. Ke3 b6 28. Nd3 f6 29. c5 Kc6 30. Kd4 b5 31. a5 Ne7 32. Ne1 Nd5 33. Nc2
e5+ 34. Ke4 Nc3+ 35. Kd3 Nd5 36. g3 f5 37. f4 exf4 38. a6 fxg3 39. hxg3 f4 40.
Nd4+ Kd7 41. a7 1-0

[Event "France 2019 - Accession"]
[Site "Chartres"]
[Date "2019.08.24"]
[Round "8.32"]
[White "Hutois, Mickael"]
[Black "Pham, Arthur"]
[Result "1-0"]
[WhiteElo "2279"]
[BlackElo "2116"]
[PlyCount "47"]
[EventDate "2019.08.??"]
[EventType "swiss"]
[EventRounds "9"]
[EventCountry "FRA"]
[WhiteTeam "Echiquier de l'Erdre"]
[BlackTeam "Echecs 16"]

1. e4 c5 2. Nf3 g6 3. d4 cxd4 4. Nxd4 Bg7 5. c4 a6 6. Nc3 e5 7. Nc2 Nc6 8. Be3
Nf6 9. Bc5 Bf8 10. Bxf8 Kxf8 11. Be2 Kg7 12. g4 Ne8 13. h4 h6 14. Qd2 Nc7 15.
f4 f6 16. O-O-O Ne6 17. Nd5 d6 18. g5 hxg5 19. hxg5 fxg5 20. f5 Ned4 21. Bg4
gxf5 22. Rxh8 Qxh8 23. Qxg5+ Kf8 24. Nxd4 1-0

[Event "France 2019 - Accession"]
[Site "Chartres"]
[Date "2019.08.25"]
[Round "9.4"]
[White "Stephan, Victor"]
[Black "Bailet, Pierre"]
[Result "0-1"]
[WhiteElo "2413"]
[BlackElo "2490"]
[PlyCount "82"]
[EventDate "2019.08.??"]
[EventType "swiss"]
[EventRounds "9"]
[EventCountry "FRA"]
[WhiteTeam "C'Chartres Echecs"]
[BlackTeam "Vandoeuvre-Echecs"]
[WhiteClock "0:06:25"]
[BlackClock "0:01:57"]

1. d4 {[%emt 0:00:04]} d5 {[%emt 0:00:14]} 2. c4 {[%emt 0:00:32]} e6 {[%emt 0:
00:45]} 3. Nc3 {[%emt 0:00:18]} Be7 {[%emt 0:00:15]} 4. Nf3 {[%emt 0:00:58]}
Nf6 {[%emt 0:00:25]} 5. Qc2 {[%emt 0:00:16]} O-O {[%emt 0:02:01]} 6. Bg5 {
[%emt 0:02:56]} h6 {[%emt 0:05:32]} 7. Bxf6 {[%emt 0:03:19]} Bxf6 {[%emt 0:00:
12]} 8. O-O-O {[%emt 0:00:24]} Nc6 {[%emt 0:05:01]} 9. e4 {[%emt 0:04:01]} Nb4
{[%emt 0:09:48]} 10. Qd2 {[%emt 0:04:55]} c5 {[%emt 0:02:16]} 11. dxc5 {
[%emt 0:05:24]} Bxc3 {[%emt 0:12:58]} 12. bxc3 {[%emt 0:00:16]} Na6 {[%emt 0:
00:04]} 13. cxd5 {[%emt 0:06:17]} Nxc5 {[%emt 0:00:42]} 14. Bd3 {[%emt 0:04:56]
} exd5 {[%emt 0:03:40]} 15. exd5 {[%emt 0:06:11]} Qa5 {[%emt 0:08:36]} 16. Bb1
{[%emt 0:04:43]} Na4 {[%emt 0:08:02]} 17. c4 {[%emt 0:08:34]} Qc5 {[%emt 0:00:
31]} 18. Qd3 {[%emt 0:03:16]} g6 {[%emt 0:00:19]} 19. Nd2 {[%emt 0:02:31]} Re8
{[%emt 0:08:46]} 20. Qb3 {[%emt 0:04:51]} Qa5 {[%emt 0:08:14]} 21. Rhe1 {
[%emt 0:03:18]} Bg4 {[%emt 0:00:28]} 22. f3 {[%emt 0:01:40]} Nc5 {[%emt 0:00:
57]} 23. Qb2 {[%emt 0:00:32]} Bd7 {[%emt 0:01:10]} 24. Ne4 {[%emt 0:01:57]}
Nxe4 {[%emt 0:00:05]} 25. Rxe4 {[%emt 0:01:05]} Rxe4 {[%emt 0:00:12]} 26. fxe4
{[%emt 0:02:25]} Rc8 {[%emt 0:00:23]} 27. Bd3 {[%emt 0:00:23]} b5 {[%emt 0:00:
56]} 28. c5 {[%emt 0:03:50]} Rxc5+ {[%emt 0:00:53]} 29. Kb1 {[%emt 0:00:04]}
Rc3 {[%emt 0:02:26]} 30. Bc2 {[%emt 0:02:02]} b4 {[%emt 0:00:22]} 31. Rd4 {
[%emt 0:05:05]} Qc5 {[%emt 0:07:20]} 32. Rxb4 {[%emt 0:00:38]} Qg1+ {[%emt 0:
00:59]} 33. Qc1 {[%emt 0:00:04]} Qxg2 {[%emt 0:01:22]} 34. h4 {[%emt 0:01:51]}
a5 {[%emt 0:02:28]} 35. Rd4 {[%emt 0:00:17]} Qf2 {[%emt 0:00:50]} 36. Rd2 {
[%emt 0:01:29]} Qxh4 {[%emt 0:02:02]} 37. Qb2 {[%emt 0:01:02]} Rc8 {[%emt 0:00:
47]} 38. Rd1 {[%emt 0:03:14]} Qh2 {[%emt 0:02:02]} 39. d6 {[%emt 0:03:06]} a4 {
[%emt 0:00:48]} 40. a3 {[%emt 0:02:00]} Rc5 {[%emt 0:02:45]} 41. Qb8+ {[%emt 0:
03:58]} Kh7 {[%emt 0:01:19]} 0-1

[Event "France 2019 - Accession"]
[Site "Chartres"]
[Date "2019.08.25"]
[Round "9.7"]
[White "Laurent-Paoli, Pierre"]
[Black "Daeschler, Florian"]
[Result "1-0"]
[WhiteElo "2371"]
[BlackElo "2303"]
[PlyCount "103"]
[EventDate "2019.08.??"]
[EventType "swiss"]
[EventRounds "9"]
[EventCountry "FRA"]
[WhiteTeam "Echecs Club Montpellier"]
[BlackTeam "Club d'Echecs de Mundolsheim"]

1. d4 d5 2. c4 e6 3. Nf3 Nf6 4. g3 Be7 5. Bg2 O-O 6. O-O dxc4 7. Qc2 a6 8. a4
Bd7 9. Qxc4 Bc6 10. Bf4 Bd6 11. Qc1 Nbd7 12. Nc3 b5 13. axb5 axb5 14. Ne5 Bxg2
15. Kxg2 Qb8 16. Qe3 Nb6 17. Qf3 Na4 18. Nc6 Qe8 19. Bxd6 cxd6 20. Nxb5 Nd5 21.
Rfc1 Qd7 22. e4 Nf6 23. Nca7 Rxa7 24. Nxa7 Qxa7 25. Rc4 Qb7 26. Rcxa4 Qxb2 27.
R1a2 Qb1 28. e5 dxe5 29. dxe5 Nd5 30. Ra8 g6 31. Rxf8+ Kxf8 32. Ra7 Qf5 33.
Qxf5 exf5 34. f4 h6 35. h4 h5 36. Kf3 Nc3 37. Rd7 Ne4 38. Rd4 Nc5 39. Rc4 Ne6
40. Ke3 Ke7 41. Kd3 Kd7 42. Rc1 Ke7 43. Kc4 Kd7 44. Ra1 Ke7 45. Ra7+ Kf8 46.
Kd5 Ke8 47. Kd6 Kf8 48. Ra8+ Kg7 49. Rc8 Kh7 50. Ke7 Kg7 51. Rc4 Nf8 52. Rc6
1-0

[Event "France 2019 - Accession"]
[Site "Chartres"]
[Date "2019.08.25"]
[Round "9.8"]
[White "Mouhamad, Joachim"]
[Black "Debray, Christopher"]
[Result "0-1"]
[WhiteElo "2288"]
[BlackElo "2352"]
[Annotator "Alain"]
[PlyCount "103"]
[EventDate "2019.08.??"]
[EventType "swiss"]
[EventRounds "9"]
[EventCountry "FRA"]
[WhiteTeam "Clichy-Echecs-92"]
[BlackTeam "Grasse Echecs"]

1. e4 e5 2. Nf3 Nf6 3. Nxe5 d6 4. Nf3 Nxe4 5. Nc3 Nxc3 6. dxc3 Be7 7. Be3 Nd7
8. Qd2 O-O 9. O-O-O c6 10. Kb1 d5 11. h4 Re8 12. Ng5 h6 13. Bd3 Ne5 14. Bh7+
Kf8 15. Bd4 Bd6 16. Bd3 hxg5 17. hxg5 Nxd3 18. Rh8+ Ke7 19. Rxe8+ Qxe8 20. Qxd3
g6 21. Bf6+ Kd7 22. c4 Kc7 23. cxd5 Bf5 24. Qd2 cxd5 25. Qxd5 Qe6 26. Qd2 Rc8
27. f3 Kd7 28. Bc3 Qe7 29. g4 Be6 30. Bf6 Qf8 31. Qb4 Kc7 32. Qa5+ b6 33. Qxa7+
Kc6 34. Qa4+ Kb7 35. Qe4+ Rc6 36. b3 Be7 37. Be5 Bxg5 38. f4 Be7 39. f5 gxf5
40. gxf5 Bc8 41. a4 Qh6 42. a5 bxa5 43. Rd5 Bxf5 44. Rb5+ Ka6 45. Qxf5 Qh1+ 46.
Kb2 Kxb5 47. Bd6+ Kb6 48. Bxe7 Qh8+ 49. Kb1 Qd4 50. Bg5 Rc5 51. Qf6+ Qxf6 52.
Bxf6 {gain noir au 71ème coup} 0-1